BIBLIOTECA

SENCICO

Iluminación interior / (Registro nro. 4481)

Detalles MARC
000 -LEADER
fixed length control field 01266nam a22002897a 4500
003 - CONTROL NUMBER IDENTIFIER
control field PE SENCICO BE
005 - DATE AND TIME OF LATEST TRANSACTION
control field 20251020182648.0
008 - FIXED-LENGTH DATA ELEMENTS--GENERAL INFORMATION
fixed length control field 240105b |||||||| |||| 00| 0 eng d
040 ## - CATALOGING SOURCE
Original cataloging agency PE SENCICO BE
Transcribing agency PE SENCICO BE
041 ## - LANGUAGE CODE
Language code of text/sound track or separate title spa
084 ## - OTHER CLASSIFICATION NUMBER
Classification number I
-- DIS
-- 2015
Item number D65
100 1# - MAIN ENTRY--PERSONAL NAME
9 (RLIN) 1846
Personal name Deza Minguillo, Yesenia
Relator term autor
245 1# - TITLE STATEMENT
Title Iluminación interior /
Statement of responsibility, etc. Yesenia Deza Minguillo
246 ## - VARYING FORM OF TITLE
Title proper/short title Proyecto: iluminación artificial interior en vivienda unifamiliar
260 ## - PUBLICATION, DISTRIBUTION, ETC.
Place of publication, distribution, etc. Lima :
Date of publication, distribution, etc. 2015
300 ## - PHYSICAL DESCRIPTION
Extent 2 v. :
Other physical details il. col., tabls. ;
Dimensions 30 cm.
500 ## - GENERAL NOTE
General note Texto en dos volúmenes. El volumen 2 contiene planos (30 x 40 cm.).
502 ## - DISSERTATION NOTE
Dissertation note Monografía de Titulación.-- Servicio Nacional de Capacitación para la Industria de la Construcción. Escuela Superior Técnica. Carrera Profesional Técnica en Diseño de Interiores, 2015
505 0# - FORMATTED CONTENTS NOTE
Formatted contents note v. 1. Iluminación interior -- v. 2. Proyecto: iluminación artificial interior en vivienda unifamiliar
650 10 - SUBJECT ADDED ENTRY--TOPICAL TERM
9 (RLIN) 63
Topical term or geographic name entry element Iluminación
650 20 - SUBJECT ADDED ENTRY--TOPICAL TERM
9 (RLIN) 44
Topical term or geographic name entry element Diseño de interiores
650 20 - SUBJECT ADDED ENTRY--TOPICAL TERM
9 (RLIN) 1838
Topical term or geographic name entry element Luminarias
650 20 - SUBJECT ADDED ENTRY--TOPICAL TERM
9 (RLIN) 615
Topical term or geographic name entry element Planos
710 1# - ADDED ENTRY--CORPORATE NAME
Corporate name or jurisdiction name as entry element Servicio Nacional de Capacitación para la Industria de la Construcción.
Subordinate unit Escuela Superior Técnica
9 (RLIN) 1065
910 ## - USER-OPTION DATA (OCLC)
-- hfp
-- hfp
942 ## - ADDED ENTRY ELEMENTS (KOHA)
Koha item type Monografía de Titulación
Source of classification or shelving scheme Dewey Decimal Classification
Existencias
Fecha de la última vez que lo usaron Número de ingreso o de inventario Pago total Signatura topográfica completa Código de barras Precio efectivo desde Tipo de documento Estado perdido Estado dañado No es para préstamo Retirado Ubicación permanente Ubicación actual Fecha de adquisición Número de ejemplar
05/01/2024 I-00303   I/DIS/2015/D65/v. 1 BibLima24010017 05/01/2024 Monografía de Titulación         Biblioteca Central Lima Biblioteca Central Lima 05/01/2024  
05/01/2024 I-00304   I/DIS/2015/D65/v. 1/ej. 2 BibLima24010018 05/01/2024 Monografía de Titulación         Biblioteca Central Lima Biblioteca Central Lima 05/01/2024 2
28/02/2024 I-00501   I/DIS/2015/D65/v. 2 BibLima24020515 28/02/2024 Monografía de Titulación         Biblioteca Central Lima Biblioteca Central Lima 28/02/2024